000 00284nam a22001337a 4500
008 170220b xxu||||| |||| 00| 0 eng d
020 _a9781416037859
041 _aeng
080 _a615
100 _a5
101 _aSHM
245 _aPHAMARCY TECHNICIAN
_cT.HOPPER
942 _2udc
_cBK
999 _c5877
_d5877